| 000 | 00548nam a2200205 a 4500 | ||
|---|---|---|---|
| 001 | BRL_651 | ||
| 005 | 20190320210833.0 | ||
| 008 | 190913s1959----mx-ao#####---#000-0#spa-# | ||
| 041 | _aspa | ||
| 044 | _amx | ||
| 050 | 4 |
_aDS711 _b.R63 1959 |
|
| 100 | 1 |
_aRodríguez, Antonio _94979 |
|
| 245 | 1 | 0 |
_aReportajes en China y en Corea _cAntonio Rodríguez. |
| 260 |
_aMéxico _bRevista Siempre! _c1959 |
||
| 300 |
_a309 p. _bil., láminas _c19 cm. |
||
| 500 | _aAu760 | ||
| 651 | 4 |
_aChina _xDescripción y viajes _924524 |
|
| 902 | _aGRL | ||
| 942 |
_2lcc _cB |
||
| 999 |
_c9463 _d9463 |
||